Guidelines for Christian parents: (Record no. 14694)

000 -LEADER
fixed length control field 00593nam a2200181 a 4500
001 - CONTROL NUMBER
control field :::00012527$&:&@@
003 - CONTROL NUMBER IDENTIFIER
control field OkBaRHE
005 - DATE AND TIME OF LATEST TRANSACTION
control field 20000607103420.0
008 - FIXED-LENGTH DATA ELEMENTS--GENERAL INFORMATION
fixed length control field s1967 j 000 0 eng u
040 ## - CATALOGING SOURCE
Transcribing agency
100 1# - MAIN ENTRY--PERSONAL NAME
Personal name Epp, Theodore H.
245 10 - TITLE STATEMENT
Title Guidelines for Christian parents:
Remainder of title a symposium.
260 ## - PUBLICATION, DISTRIBUTION, ETC. (IMPRINT)
Place of publication, distribution, etc Lincoln, NE., :
Name of publisher, distributor, etc Back to the Bible Broadcast
Date of publication, distribution, etc c1967
300 ## - PHYSICAL DESCRIPTION
Extent 124 p. ;
Dimensions 17 cm.
650 ## - SUBJECT ADDED ENTRY--TOPICAL TERM
Topical term or geographic name as entry element Parenting
General subdivision Religious Aspects
-- Christianity
942 ## - ADDED ENTRY ELEMENTS (KOHA)
Source of classification or shelving scheme
Koha item type Books
Copies
Source of classification or shelving scheme Shelving location Date last seen Koha item type Damaged status Date acquired Price effective from Copy number Not for loan Permanent Location Withdrawn status Barcode Full call number Lost status
 General Stacks2010-04-14Books 2010-04-142010-04-141 RHEMA Bible Training College 12527HQ 755.8 .E6